| 000 | 00661nam a2200205Ia 4500 | ||
|---|---|---|---|
| 003 | BUBTL | ||
| 008 | 151213s9999 xx 000 0 und d | ||
| 020 | _a0-07-006757-0 | ||
| 082 | _a658.8/ B6779s/ 1992 | ||
| 100 |
_aDonald J.Bowersox & M.Bixby Cooper _92607 |
||
| 245 |
_aStrategic Marketing & Channel Management : _cDonald J.Bowersox & M.Bixby Cooper |
||
| 260 |
_aNew York _bMc Grow Hill _cc1992 |
||
| 300 |
_a[xix],488p.: _bTable,Chart;232cm. |
||
| 500 | _aIncludes index. | ||
| 650 |
_aMarketing _92608 |
||
| 700 |
_aDonald J.Bowersox & M.Bixby Cooper _92607 |
||
| 856 |
_k0 _l0 _yDownload |
||
| 942 |
_2ddc _cBK |
||
| 999 |
_c1900 _d1900 |
||